Normal view
MARC view
- Familia Borgia
Entry Nombre Personal
001 - NUMERO DE CONTROL
- campo de control: 5548
003 - IDENTIFICADOR DE NUMERO DE CONTROL
- campo de control: UPN
005 - FECHA Y HORA DE LA ÜLTIMA TRANSACCIÓN
- campo de control: 20220525154630.0
008 - DATOS DE LONGITUD FIJA
- campo de control de longitud fija: 220525n||acnnnbabn | ana |d
035 ## - NUMERO DE CONTROL
- Número de control: UPN10000005548
040 ## - FUENTE DE CATALOGACIÓN
- Agencia original de catalogación: UPN
- Lenguaje de catalogación: SPA
- Agencia de transcripción: UPN
100 3# - ENCABEZAMIENTO - NOMBRE PERSONAL
- Nombre personal: Familia Borgia
- Subdivisión de forma: Novela
670 ## - FUENTE EN LA QUE SE LOCALIZARON DATOS
- Cita de la fuente: Catálogo de autoridades de la Biblioteca del Congreso (Estados Unidos), consultado 25 mayo 2022:
- Información localizada: (Borgia Family - Fiction)
902 ## - CATALOGADOR
- Catalogador: BDV/040702
